| 000 | 00637nam a22002297a 4500 | ||
|---|---|---|---|
| 999 |
_c166771 _d166771 |
||
| 005 | 20190807174337.0 | ||
| 008 | 190807b ||||| |||| 00| 0 eng d | ||
| 010 | _aB-132853 | ||
| 020 |
_a978143031819 _c250.00 |
||
| 035 | _aB-132853 | ||
| 037 | _bBPPD/PUB | ||
| 040 |
_adpl _ben |
||
| 050 | _aN | ||
| 082 | _aN | ||
| 100 | _aGalgut, Damon | ||
| 245 |
_aThe good doctor/ _cby Damon Galgut |
||
| 260 |
_aNew Delhi _bPenguin Books _c2003 |
||
| 270 |
_a11, Community Center, Panchsheel Park, _bNew Delhi _e110017 |
||
| 300 |
_a215p _c22cm(pbk) |
||
| 500 | _aShortlisted for the Man Booker Prize 2003 | ||
| 942 |
_2ddc _cEN _hN _mGAL |
||